Volcanic gas reservoir characterization / (Record no. 20637)
[ view plain ]
| 000 -LEADER | |
|---|---|
| fixed length control field | 02564cam a2200337 i 4500 |
| 001 - CONTROL NUMBER | |
| control field | 18070848 |
| 003 - CONTROL NUMBER IDENTIFIER | |
| control field | EG-ScBUE |
| 005 - DATE AND TIME OF LATEST TRANSACTION | |
| control field | 20260331130432.0 |
| 008 - FIXED-LENGTH DATA ELEMENTS--GENERAL INFORMATION | |
| fixed length control field | 140318s2014 maua f b 001 0 eng d |
| 020 ## - INTERNATIONAL STANDARD BOOK NUMBER | |
| International Standard Book Number | 0124171311 (paperback) |
| 020 ## - INTERNATIONAL STANDARD BOOK NUMBER | |
| International Standard Book Number | 9780124171312 (paperback) |
| 040 ## - CATALOGING SOURCE | |
| Original cataloging agency | DLC |
| Language of cataloging | eng |
| Transcribing agency | DLC |
| Modifying agency | EG-ScBUE |
| Description conventions | rda |
| 043 ## - GEOGRAPHIC AREA CODE | |
| Geographic area code | a-cc--- |
| 082 04 - DEWEY DECIMAL CLASSIFICATION NUMBER | |
| Classification number | 551.23 |
| Edition number | 22 |
| Item number | VOL |
| 245 00 - TITLE STATEMENT | |
| Title | Volcanic gas reservoir characterization / |
| Statement of responsibility, etc | Qiquan Ran [and four others] |
| 250 ## - EDITION STATEMENT | |
| Edition statement | First edition. |
| 264 #1 - PUBLICATION, DISTRIBUTION, ETC. (IMPRINT) | |
| Place of publication, distribution, etc | Waltham, MA : |
| Name of publisher, distributor, etc | Gulf Professional Publishing / Elsevier, |
| Date of publication, distribution, etc | 2014. |
| 300 ## - PHYSICAL DESCRIPTION | |
| Extent | xix, 583 pages : |
| Other physical details | illustrations ; |
| Dimensions | 24 cm |
| 336 ## - CONTENT TYPE | |
| Source | rdacontent |
| Content type term | text |
| Content type code | txt |
| 337 ## - MEDIA TYPE | |
| Source | rdamedia |
| Media type term | unmediated |
| Media type code | n |
| 338 ## - CARRIER TYPE | |
| Source | rdacarrier |
| Carrier type term | volume |
| Carrier type code | nc |
| 504 ## - BIBLIOGRAPHY, ETC. NOTE | |
| Bibliography, etc | Includes bibliographical references and index.<br/> |
| 505 8# - FORMATTED CONTENTS NOTE | |
| Formatted contents note | Machine generated contents note: Introduction Preface I Preface II Forward Chapter 1 - Introduction Chapter 2 - Internal Structure of Volcanic Gas Reservoirs Chapter 3 - Volcanic Rock Sequence Division and Stratigraphic Correlation Chapter 4 - Identification and Prediction of Volcanic Facies Chapter 5 - Lithology Identification and Prediction for Volcanic Rocks Chapter 6 - Identification and Prediction of Fractures in Volcanic Reservoirs Chapter 7 - Parameter Interpretation for Fractured Volcanic Reservoirs Chapter 8 - Gas Layer and Aquifer Identification for Volcanic Gas Reservoirs Chapter 9 - Effective Reservoir Identification and Prediction Chapter 10 - Characterization of Accumulation-Permeation Units in Volcanic Gas Reservoirs Chapter 11 - Characterization of Microstructures of Volcanic Gas Reservoirs Chapter 12 - Geologic Model Building for Volcanic Gas Reservoirs. |
| 520 ## - SUMMARY, ETC. | |
| Summary, etc | "This introduction chapter summarizes our current understandings of volcanic gas reservoirs worldwide and in China. The challenges and their innovative technical solutions presented in this book, as well as the significance of gas reservoir characterization, are summarized based on the authors' real case studies in Chinese volcanic gas fields during the last decade. A flow chart representing the research concepts and approaches that deal with specific difficulties in volcanic gas reservoir characterization provides the readers with an outline of this book"-- |
| 650 #7 - SUBJECT ADDED ENTRY--TOPICAL TERM | |
| Topical term or geographic name as entry element | Volcanic gas reservoirs. |
| Source of heading or term | BUEsh |
| 650 #7 - SUBJECT ADDED ENTRY--TOPICAL TERM | |
| Topical term or geographic name as entry element | Volcanic gas reservoirs |
| Geographic subdivision | China. |
| Source of heading or term | BUEsh |
| 653 ## - INDEX TERM--UNCONTROLLED | |
| Resource For college | Engineering, Petroleum |
| -- | Engineering, General |
| Arrived date list | August2015 |
| -- | December2015 |
| 655 ## - INDEX TERM--GENRE/FORM | |
| Form subdivision | Reading book |
| 700 1# - ADDED ENTRY--PERSONAL NAME | |
| Personal name | Ran, Qiquan, |
| Relator term | author. |
| 942 ## - ADDED ENTRY ELEMENTS (KOHA) | |
| Source of classification or shelving scheme | Dewey Decimal Classification |
| Call number prefix | 551.23 VOL |
| Classification part | RDA-MOD |
| Koha item type | Book - Borrowing |
| Withdrawn status | Lost status | Source of classification or shelving scheme | Damaged status | Not for loan | Collection code | Home library | Current library | Shelving location | Date acquired | Source of acquisition | Cost, normal purchase price | Serial Enumeration / chronology | Total Checkouts | Full call number | Barcode | Date last seen | Cost, replacement price | Koha item type |
|---|---|---|---|---|---|---|---|---|---|---|---|---|---|---|---|---|---|---|
| Dewey Decimal Classification | Baccah | Central Library | Central Library | First floor | 19/08/2015 | Purchase | 1200.00 | 21761 | 551.23 VOL | 000030719 | 15/07/2025 | 1500.00 | Book - Borrowing |